| 000 | 00475nam a2200181Ia 4500 | ||
|---|---|---|---|
| 008 | 120928t1961 xxu||||| |||| 00| 0 sin d | ||
| 041 | _asin | ||
| 080 |
_a8 S [03-053.2] (Youth) _bYET |
||
| 100 | _aYets,Elisabeth | ||
| 245 | _aළමා ලෝකය | ||
| 246 | _aLama Lokaya | ||
| 260 |
_aGunarathna Saha Samagama _aColombo _c1961 |
||
| 300 | _b152p, 18 cm | ||
| 700 |
_aAtigala,Desi.J _etr. |
||
| 942 | _cBK | ||
| 999 |
_c39477 _d39477 |
||
| 003 | LK-CoDNM | ||
| 040 |
_aLK-CoDNM _dLK-CoDNM _eLK-CoDNM |
||